[Event "Queens Opening Play The Catalan Opening"]
[Site "SchemingMind.com"]
[Date "2009.03.11"]
[Round "-"]
[White "maro"]
[Black "ajedrez perfecto"]
[Result "1-0"]
[WhiteCountry "MEX"]
[BlackCountry "BAH"]
[WhiteElo "1353"]
[WhiteRD "49"]
[BlackElo "1328"]
[BlackRD "72"]
[GameID "196089"]

1. d4 b6 2. e4 Bb7 3. d5 e6 4. Bc4 Ne7 5. Bf4 g6 6. Be5 Rg8 7. d6 cxd6 8. Bf6 Qc7 9. Nd2 Bg7 10. Bxg7 Rxg7
11. Ngf3
1-0

[Event "Queens Opening Play The Catalan Opening"]
[Site "SchemingMind.com"]
[Date "2009.03.12"]
[Round "-"]
[White "dahan"]
[Black "lame wolf"]
[Result "1-0"]
[WhiteCountry "GER"]
[BlackCountry "INT"]
[WhiteElo "1335"]
[WhiteRD "101"]
[BlackElo "1075"]
[BlackRD "42"]
[GameID "196129"]

1. d4 d5 2. Nc3 Qd6 3. Nf3 c5 4. e3 c4 5. b3 Bg4 6. Be2 Nd7 7. O-O b5 8. Nxb5 Qb8 9. bxc4 a6 10. Nc3 dxc4
11. Bxc4 Qc7 12. Qd3 e6 13. Bxa6 Qb6 14. Bb5 Bb4 15. Bxd7+ Kxd7 16. Ne5+ Ke7 17. Nxg4 g6 18. Rb1 Qa5 19. Ne5 Ra6 20. Qc4 Bxc3
21. Nc6+ Rxc6 22. Qxc6 Qxa2 23. Rb7+ Kf6 24. Qxc3 Ne7 25. d5+
1-0

[Event "Queens Opening Play The Catalan Opening"]
[Site "SchemingMind.com"]
[Date "2009.03.11"]
[Round "-"]
[White "dahan"]
[Black "keen"]
[Result "0-1"]
[WhiteCountry "GER"]
[BlackCountry "SCO"]
[WhiteElo "1335"]
[WhiteRD "101"]
[BlackElo "1654"]
[BlackRD "58"]
[GameID "196130"]

1. d4 d5 2. Nc3 Nf6 3. Bg5 e6 4. e4 Be7 5. e5 Nfd7 6. Bxe7 Qxe7 7. Nf3 c5 8. Bb5 a6 9. Bxd7+ Bxd7 10. O-O O-O
11. a4 Nc6 12. Re1 Rac8 13. Ne2 cxd4 14. Nexd4 h6 15. c3 Nxd4 16. cxd4 Rc7 17. b3 Rfc8 18. Qe2 Qb4 19. Rac1 Rxc1 20. Rxc1 Rxc1+
21. Ne1 Rxe1+ 22. Qxe1 Qxe1#
0-1

[Event "Queens Opening Play The Catalan Opening"]
[Site "SchemingMind.com"]
[Date "2009.03.16"]
[Round "-"]
[White "dahan"]
[Black "Shanks"]
[Result "1/2-1/2"]
[WhiteCountry "GER"]
[BlackCountry "ENG"]
[WhiteElo "1374"]
[WhiteRD "100"]
[BlackElo "1418"]
[BlackRD "74"]
[GameID "196131"]

1. d4 d5 2. Nc3 c6 3. e4 dxe4 4. Nxe4 Nd7 5. Nf3 Ngf6 6. Nxf6+ Nxf6 7. Bc4 e6 8. O-O Bd6 9. b3 h6 10. Re1 O-O
11. c3 Bd7 12. Bd2 Qc7 13. Ne5 Nd5 14. Bxd5 cxd5 15. Nxd7 Qxd7 16. b4 b5 17. a4 a6 18. a5 Qc7 19. g3 Rae8 20. Qc1 f5
21. f4 Kf7 22. Re2 Rh8 23. h4 Reg8 24. Qf1 h5 25. Rae1 Re8 26. Qf3 g6 27. Re3 Re7 28. R1e2 Rhe8 29. Qf1 Qd8=
1/2-1/2

[Event "Queens Opening Play The Catalan Opening"]
[Site "SchemingMind.com"]
[Date "2009.03.11"]
[Round "-"]
[White "dahan"]
[Black "maro"]
[Result "1-0"]
[WhiteCountry "GER"]
[BlackCountry "MEX"]
[WhiteElo "1362"]
[WhiteRD "102"]
[BlackElo "1333"]
[BlackRD "51"]
[GameID "196133"]

1. d4 Nf6 2. c4 Ne4 3. f3 Nd6 4. c5 Nb5 5. e4 e6 6. Bxb5 c6 7. Be2 b5 8. b4 a5 9. Bd2 a4 10. a3 Qf6
11. e5 Qf5 12. g4 Qg6 13. h4 h5 14. g5 f5 15. exf6 gxf6 16. Nc3 d6 17. Ne4 d5 18. Nd6+ Bxd6 19. cxd6 f5 20. f4 Qg7
21. Bc3 Nd7 22. Nf3 c5 23. Rc1 c4 24. Ne5 Nxe5 25. dxe5 Bb7 26. Bf3 O-O 27. Bd4 Rac8 28. Qe2 Kf7 29. Qe3 Kg6 30. Bc5 Rfd8
31. Qe2 Rh8 32. O-O Bc6 33. Rfd1 Rhd8 34. Bxh5+ Kh7 35. Bb6 Rd7 36. Rc3 Rb8 37. Bc5 Qg8 38. Rg3 c3 39. Qf2 Qc8 40. Bf7 Qd8
41. Bxe6 Kg6 42. Bxd7 Qxd7 43. Qc2 d4 44. Bxd4 Be4 45. Qxc3 Kh5 46. Rc1 Kxh4 47. Rh3+
1-0

[Event "Queens Opening Play The Catalan Opening"]
[Site "SchemingMind.com"]
[Date "2009.03.11"]
[Round "-"]
[White "dahan"]
[Black "vinz"]
[Result "0-1"]
[WhiteCountry "GER"]
[BlackCountry "FRA"]
[WhiteElo "1479"]
[WhiteRD "150"]
[BlackElo "1748"]
[BlackRD "80"]
[GameID "196134"]

1. d4 Nf6 2. Nc3 e6 3. e4 Bb4 4. Bd2 Nc6 5. a3 Ba5 6. b4 Bb6 7. Be3 O-O 8. Nf3 Re8 9. Bg5 d6 10. Bc4 e5
11. d5 Nd4 12. O-O Bg4 13. Qd3 Bxf3 14. gxf3 Qd7 15. Bxf6 Qh3 16. f4 Nf3+ 17. Kh1 Qxh2#
0-1

[Event "Queens Opening Play The Catalan Opening"]
[Site "SchemingMind.com"]
[Date "2009.03.11"]
[Round "-"]
[White "dahan"]
[Black "Aamaroun"]
[Result "0-1"]
[WhiteCountry "GER"]
[BlackCountry "CZE"]
[WhiteElo "1335"]
[WhiteRD "101"]
[BlackElo "1436"]
[BlackRD "86"]
[GameID "196135"]

1. d4 d5 2. Nc3 Nf6 3. Bg5 e6 4. e4 c6 5. e5 h6 6. Bxf6 gxf6 7. exf6 Qxf6 8. Nf3 Nd7 9. Be2 Nb6 10. b3 Qg6
11. O-O Bd7 12. Ne5 Qg5 13. Nxd7 Nxd7 14. Bf3 h5 15. Ne2 Rg8 16. c4 h4 17. g3 hxg3 18. Nxg3 Bd6 19. cxd5 cxd5 20. Re1 Qh6
21. Bh5 Nf6 22. Kf1 Bxg3 23. hxg3 Nxh5
0-1

[Event "Queens Opening Play The Catalan Opening"]
[Site "SchemingMind.com"]
[Date "2009.03.16"]
[Round "-"]
[White "lame wolf"]
[Black "dahan"]
[Result "0-1"]
[WhiteCountry "INT"]
[BlackCountry "GER"]
[WhiteElo "1075"]
[WhiteRD "42"]
[BlackElo "1335"]
[BlackRD "101"]
[GameID "196136"]

1. Nf3 Nf6 2. d4 d5 3. e3 Nc6 4. Ne5 Nxe5 5. Be2 e6 6. dxe5 Ne4 7. f3 Qh4+ 8. g3 Nxg3 9. Qd4 Qxd4 10. exd4 Nxh1
11. f4 Be7 12. Be3 Bh4+ 13. Kd2 Nf2 14. Bxf2 Bxf2 15. Nc3 Bxd4 16. Rf1 f5 17. b3 a6 18. Nd1 b5 19. c3 Ba7 20. b4 c5
21. Nb2 cxb4 22. cxb4 Bd4 23. Nd3 Bd7 24. Nc5 Bxc5 25. bxc5 Rc8 26. Rc1 Rg8 27. a4 g5 28. axb5 Bxb5
0-1

[Event "Queens Opening Play The Catalan Opening"]
[Site "SchemingMind.com"]
[Date "2009.03.16"]
[Round "-"]
[White "keen"]
[Black "dahan"]
[Result "1-0"]
[WhiteCountry "SCO"]
[BlackCountry "GER"]
[WhiteElo "1654"]
[WhiteRD "58"]
[BlackElo "1335"]
[BlackRD "101"]
[GameID "196137"]

1. d4 Nf6 2. c4 d5 3. Nc3 c6 4. Bg5 h6 5. Bh4 g5 6. Bg3 dxc4 7. e3 b5 8. a4 b4 9. Nb1 Ba6 10. Nd2 c3
11. bxc3 bxc3 12. Nc4 Ne4 13. Bxb8 Rxb8 14. Qf3 c2 15. Qxe4 Bb7 16. Qxc2 Bg7 17. Nf3 O-O 18. Bd3 Rc8 19. O-O c5 20. Rad1 Bxf3
21. gxf3 Qd5 22. Be4 Qe6 23. Bf5
1-0

[Event "Queens Opening Play The Catalan Opening"]
[Site "SchemingMind.com"]
[Date "2009.03.16"]
[Round "-"]
[White "Shanks"]
[Black "dahan"]
[Result "1/2-1/2"]
[WhiteCountry "ENG"]
[BlackCountry "GER"]
[WhiteElo "1418"]
[WhiteRD "74"]
[BlackElo "1374"]
[BlackRD "100"]
[GameID "196138"]

1. d4 Nf6 2. Nf3 d5 3. c3 e6 4. a3 Be7 5. Nbd2 O-O 6. e3 b6 7. Be2 c5 8. dxc5 bxc5 9. O-O c4 10. Ne5 Bd6
11. Nef3 Nc6 12. b3 Ba6 13. b4 Rb8 14. Rb1 Ne4 15. Nxe4 dxe4 16. Nd4 Nxd4 17. exd4 e5 18. d5 Qb6 19. Be3 Qb7 20. a4 f5
21. b5 Bxb5 22. axb5 Qf7 23. Bxc4 Rfc8 24. Ba2 Rxc3 25. Bd2 Rcc8 26. Be1 Rc5 27. Bd2 Rbxb5 28. Rxb5 Rxb5 29. Bc4 Rb8 30. Kh1 Qc7
31. Be2 g6 32. f3 exf3 33. Bxf3 e4 34. g3 exf3 35. Rxf3 Qb7 36. Rd3 Rc8=
1/2-1/2

[Event "Queens Opening Play The Catalan Opening"]
[Site "SchemingMind.com"]
[Date "2009.03.11"]
[Round "-"]
[White "maro"]
[Black "dahan"]
[Result "1-0"]
[WhiteCountry "MEX"]
[BlackCountry "GER"]
[WhiteElo "1335"]
[WhiteRD "48"]
[BlackElo "1335"]
[BlackRD "101"]
[GameID "196140"]

1. d4 Nf6 2. f3 d5 3. Bf4 e6 4. g3 Bd6 5. Nh3 O-O 6. e3 Bxf4 7. Nxf4 b6 8. Bh3 Re8 9. Nc3 c5 10. dxc5 bxc5
11. Qd3 c4 12. Qd4 Nc6 13. Qc5 Bb7 14. O-O-O Nd7 15. Qd6 Nde5 16. Qc5 Nxf3 17. Nxe6 Bc8 18. Nxd8 Nxd8 19. Bxc8 Ne6 20. Qc6 Raxc8
21. Qxd5 Nfg5 22. Nb5 Red8 23. Nd6 Rd7 24. Qe5 Rc5 25. Qc3 Rc6 26. Nxc4 Rxd1+ 27. Rxd1 h6 28. b3 Rc8 29. Qa5
1-0

[Event "Queens Opening Play The Catalan Opening"]
[Site "SchemingMind.com"]
[Date "2009.03.11"]
[Round "-"]
[White "vinz"]
[Black "dahan"]
[Result "1-0"]
[WhiteCountry "FRA"]
[BlackCountry "GER"]
[WhiteElo "1759"]
[WhiteRD "84"]
[BlackElo "1335"]
[BlackRD "101"]
[GameID "196141"]

1. d4 Nf6 2. c4 e6 3. g3 d5 4. Bg2 Be7 5. Nf3 O-O 6. O-O Nc6 7. Nc3 a6 8. Re1 Na5 9. Qc2 Nxc4 10. b3 Nd6
11. Ng5 Nfe4 12. Ngxe4 Nxe4 13. Bf4 Bd6 14. Nxe4 Bxf4 15. gxf4 dxe4 16. Qxe4 f5 17. Qe5 Qd6 18. d5 Qxe5 19. fxe5 c6 20. d6 Bd7
21. f4 h5 22. Bf3 g6 23. h4 Rad8 24. Kf2
1-0

[Event "Queens Opening Play The Catalan Opening"]
[Site "SchemingMind.com"]
[Date "2009.03.16"]
[Round "-"]
[White "Aamaroun"]
[Black "dahan"]
[Result "0-1"]
[WhiteCountry "CZE"]
[BlackCountry "GER"]
[WhiteElo "1436"]
[WhiteRD "86"]
[BlackElo "1335"]
[BlackRD "101"]
[GameID "196142"]

1. e4 e5 2. Bc4 Nf6 3. f3 Be7 4. d3 O-O 5. Bg5 Nxe4 6. Bxe7 Qxe7 7. fxe4 Nc6 8. Nc3 Nd4 9. Qd2 a6 10. a3 b5
11. Ba2 d6 12. O-O-O Bg4 13. Re1 c5 14. Nf3 Bxf3 15. gxf3 Nxf3 16. Qg2 Nxe1 17. Rxe1 c4 18. dxc4 bxc4 19. Bxc4 Rfc8 20. Rg1 g6
21. Bb3 Rab8 22. Qg3 Kg7 23. h4 h5 24. Nd1 Qb7 25. Kb1 Qxe4 26. Rg2 Rxb3
0-1

[Event "Queens Opening Play The Catalan Opening"]
[Site "SchemingMind.com"]
[Date "2009.03.15"]
[Round "-"]
[White "Manfred Kraut"]
[Black "lame wolf"]
[Result "1-0"]
[WhiteCountry "GER"]
[BlackCountry "INT"]
[WhiteElo "1406"]
[WhiteRD "68"]
[BlackElo "1107"]
[BlackRD "47"]
[GameID "196352"]

1. d4 d5 2. e3 Qd6 3. Bd3 e5 4. Nd2 e4 5. Be2 Bf5 6. c4 dxc4 7. Bxc4 Nf6 8. h3 Be7 9. Qc2 Be6 10. Bxe6 Qxe6
11. Qxc7 Nbd7 12. Qxb7 Qb6 13. Qxa8+ Qb8 14. Qxb8+ Nxb8 15. Ne2 O-O 16. O-O Rc8 17. b3 Bb4 18. Nc4 Nd5 19. a3 Be7 20. Bb2 Nd7
21. a4 Nb4 22. Ne5 Nxe5 23. dxe5 Rc6 24. Nd4 Re6 25. Nxe6 fxe6 26. Rfc1 Nd3 27. Rc8+ Kf7 28. Bd4 g5 29. Bxa7 h5 30. f3 Nxe5
31. Rd1
1-0

[Event "Queens Opening Play The Catalan Opening"]
[Site "SchemingMind.com"]
[Date "2009.03.13"]
[Round "-"]
[White "Manfred Kraut"]
[Black "keen"]
[Result "0-1"]
[WhiteCountry "GER"]
[BlackCountry "SCO"]
[WhiteElo "1430"]
[WhiteRD "72"]
[BlackElo "1710"]
[BlackRD "60"]
[GameID "196353"]

1. d4 d5 2. e3 Nf6 3. Bd3 e6 4. Nf3 c5 5. O-O Nc6 6. c4 Bd6 7. Nc3 O-O 8. a3 cxd4 9. Nxd4 Ne5 10. cxd5 Nxd3
11. Qxd3 a6 12. dxe6 Bxe6 13. e4 Bc5 14. Be3 Ng4 15. Nce2 Nxe3 16. Qxe3 Qb6 17. b4 Bd6 18. e5 Be7 19. Rfb1 Rac8 20. a4 Bxb4
21. a5 Qc5 22. Nxe6 fxe6 23. Qxc5 Bxc5 24. Rxb7 Rxf2 25. Kh1 Rxe2 26. h3 Rxe5 27. Kh2 Rd5 28. Kg3 Rf8 29. Kh4 Bf2+ 30. Kg4 h5#
0-1

[Event "Queens Opening Play The Catalan Opening"]
[Site "SchemingMind.com"]
[Date "2009.03.18"]
[Round "-"]
[White "Manfred Kraut"]
[Black "Shanks"]
[Result "1-0"]
[WhiteCountry "GER"]
[BlackCountry "ENG"]
[WhiteElo "1443"]
[WhiteRD "69"]
[BlackElo "1447"]
[BlackRD "72"]
[GameID "196354"]

1. d4 Nf6 2. c4 d6 3. e3 a6 4. Bd3 Nbd7 5. Nf3 c5 6. O-O e6 7. Nbd2 Be7 8. e4 cxd4 9. Nxd4 e5 10. Nf5 Bf8
11. Nb3 b6 12. f4 exf4 13. Bxf4 Nc5 14. Nxc5 bxc5 15. Re1 Be6 16. e5 dxe5 17. Rxe5 Nd7 18. Re3 a5 19. Qa4 g6 20. Nd6+ Bxd6
21. Bxd6 Qc8 22. h3 h5 23. Bxg6 fxg6 24. Rxe6+ Kf7 25. Re7+ Kf6 26. Rxd7 Kg5 27. Rc7 Qg8 28. Rxc5+ Kh6 29. Qd7 Qg7 30. Qxg7+ Kxg7
31. Rf1 Rac8 32. Rxc8 Rxc8 33. c5 a4 34. Rf3 a3 35. Rxa3 Re8 36. Ra7+ Kg8 37. Re7 Rxe7 38. Bxe7 Kf7 39. Bd6 Ke8 40. Kf2 Kd7
41. b4 Kc6 42. Kf3 Kd7 43. Kf4 Ke6 44. Kg5 Kf7 45. a4 Ke8 46. Kxg6 Kd7 47. Kxh5 Kc6 48. g4
1-0

[Event "Queens Opening Play The Catalan Opening"]
[Site "SchemingMind.com"]
[Date "2009.03.13"]
[Round "-"]
[White "Manfred Kraut"]
[Black "maro"]
[Result "1-0"]
[WhiteCountry "GER"]
[BlackCountry "MEX"]
[WhiteElo "1406"]
[WhiteRD "68"]
[BlackElo "1340"]
[BlackRD "48"]
[GameID "196356"]

1. d4 Nf6 2. c4 e6 3. g3 c6 4. Nf3 b5 5. e3 Ba6 6. c5 b4 7. Bxa6 Nxa6 8. Qa4 Qc8 9. O-O Be7 10. a3 Rb8
11. Bd2 b3 12. Nc3 d6 13. cxd6 Bxd6 14. Ne5 Nc5 15. Qxc6+ Qxc6 16. Nxc6 Rb7 17. Ne5 O-O 18. Nc6 Nce4 19. Nxe4 Nxe4 20. Rfd1 Rc8
21. Na5 Rb6 22. Kg2 Rc2 23. Be1 Rxb2 24. Nc4 Rc2 25. Nxb6 b2 26. Rab1 axb6 27. Kf3 Ng5+ 28. Kg4 h6 29. h4 Ne4 30. f3 Nxg3
31. Bxg3 Rg2 32. f4 Bxa3 33. Kf3 Rc2 34. Ke4 f5+ 35. Kd3 Rg2 36. Rg1 Rxg1 37. Rxg1 b5 38. Rb1 h5 39. Kc3 b4+ 40. Kb3 Kf7
41. Be1 Ke7 42. Bxb4+
1-0

[Event "Queens Opening Play The Catalan Opening"]
[Site "SchemingMind.com"]
[Date "2009.03.16"]
[Round "-"]
[White "Manfred Kraut"]
[Black "vinz"]
[Result "0-1"]
[WhiteCountry "GER"]
[BlackCountry "FRA"]
[WhiteElo "1406"]
[WhiteRD "68"]
[BlackElo "1741"]
[BlackRD "75"]
[GameID "196357"]

1. d4 Nf6 2. c4 e6 3. g3 Be7 4. Bg2 O-O 5. Nf3 d5 6. c5 Nbd7 7. O-O c6 8. Be3 b6 9. b4 Re8 10. Nc3 Ng4
11. Qd3 e5 12. dxe5 Ndxe5 13. Nxe5 Nxe5 14. Qd4 Bf6 15. Qf4 Ng6 16. Rfd1 Nxf4 17. Bxf4 Be6 18. Rac1 Qd7 19. cxb6 axb6 20. a4 Bxc3
21. Rxc3 Rxa4 22. Rdc1 Rxb4 23. Rxc6 Rc4 24. R6xc4 dxc4 25. f3 b5 26. Kf2 b4 27. e4 Qa7+ 28. Be3 Qa2+
0-1

[Event "Queens Opening Play The Catalan Opening"]
[Site "SchemingMind.com"]
[Date "2009.03.18"]
[Round "-"]
[White "Manfred Kraut"]
[Black "dahan"]
[Result "1-0"]
[WhiteCountry "GER"]
[BlackCountry "GER"]
[WhiteElo "1432"]
[WhiteRD "71"]
[BlackElo "1335"]
[BlackRD "101"]
[GameID "196358"]

1. d4 Nf6 2. c4 d5 3. c5 e6 4. Nf3 Be7 5. e3 O-O 6. Bd3 b6 7. cxb6 axb6 8. O-O c5 9. dxc5 bxc5 10. b3 Ba6
11. Bb2 Bxd3 12. Qxd3 Ne4 13. Nbd2 Nc6 14. Nxe4 dxe4 15. Qxe4 Nb4 16. Qg4 g6 17. Qh3 h5 18. Ne5 Rxa2 19. Bc3 Rxa1 20. Rxa1 Nc2
21. Rc1 Na3 22. Nc6 Qc7 23. Qf3 Nb5 24. Nxe7+ Qxe7 25. Bf6 Qc7 26. b4 c4 27. e4 Qd7 28. Qf4 Rd8 29. Bxd8 Qxd8 30. g3 f5
31. Rxc4 Qd1+ 32. Kg2 Qb3 33. exf5
1-0

[Event "Queens Opening Play The Catalan Opening"]
[Site "SchemingMind.com"]
[Date "2009.03.13"]
[Round "-"]
[White "Manfred Kraut"]
[Black "Aamaroun"]
[Result "0-1"]
[WhiteCountry "GER"]
[BlackCountry "CZE"]
[WhiteElo "1406"]
[WhiteRD "68"]
[BlackElo "1318"]
[BlackRD "105"]
[GameID "196359"]

1. d4 d5 2. e3 Nc6 3. Bd3 Nf6 4. Nf3 e6 5. O-O Nb4 6. c3 Nxd3 7. Qxd3 Bd6 8. Re1 O-O 9. Nbd2 c6 10. e4 Re8
11. e5 Ng4 12. exd6 Qxd6 13. g3 Bd7 14. Ng5 g6 15. c4 c5 16. Qf3 f5 17. b3 h6 18. dxc5 Qxc5 19. Qc3 Qxf2+
0-1

[Event "Queens Opening Play The Catalan Opening"]
[Site "SchemingMind.com"]
[Date "2009.03.13"]
[Round "-"]
[White "keen"]
[Black "Manfred Kraut"]
[Result "1-0"]
[WhiteCountry "SCO"]
[BlackCountry "GER"]
[WhiteElo "1671"]
[WhiteRD "56"]
[BlackElo "1406"]
[BlackRD "68"]
[GameID "196361"]

1. d4 Nf6 2. e3 g6 3. b3 Bg7 4. Bb2 O-O 5. Nd2 d5 6. Ngf3 Nbd7 7. Be2 b6 8. O-O c5 9. dxc5 Nxc5 10. Ne5 Qd6
11. Ndf3 Ba6 12. Bxa6 Nxa6 13. c4 Nc5 14. Qc2 Ncd7 15. Rfd1 Nh5 16. Rxd5 Qf6 17. Rxd7 a5 18. Rad1 e6 19. g4 Qg5 20. Nxg5 Bxe5
21. Bxe5
1-0

[Event "Queens Opening Play The Catalan Opening"]
[Site "SchemingMind.com"]
[Date "2009.03.18"]
[Round "-"]
[White "Shanks"]
[Black "Manfred Kraut"]
[Result "1-0"]
[WhiteCountry "ENG"]
[BlackCountry "GER"]
[WhiteElo "1472"]
[WhiteRD "70"]
[BlackElo "1432"]
[BlackRD "71"]
[GameID "196362"]

1. d4 Nf6 2. Nf3 g6 3. c3 Bg7 4. Nbd2 O-O 5. e4 d5 6. e5 Ne4 7. Nxe4 dxe4 8. Nd2 Qd5 9. Bc4 Qc6 10. Bf1 Bf5
11. Nb3 Nd7 12. Be2 a6 13. O-O f6 14. exf6 Rxf6 15. Be3 e5 16. dxe5 Nxe5 17. Nd4 Qe8 18. Nxf5 gxf5 19. Qd5+ Kh8 20. Qxb7 Qc8
21. Qb3 a5 22. a4 Rb8 23. Qc2 f4 24. Bd4 Rg6 25. f3 exf3 26. Bxf3 Nxf3+ 27. Rxf3 Qb7 28. Bxg7+ Kxg7 29. Qf2 Qxb2 30. Qd4+ Kh6
31. Rh3+ Kg5 32. Qe5+ Kg4 33. Qh5#
1-0

[Event "Queens Opening Play The Catalan Opening"]
[Site "SchemingMind.com"]
[Date "2009.03.14"]
[Round "-"]
[White "maro"]
[Black "Manfred Kraut"]
[Result "1-0"]
[WhiteCountry "MEX"]
[BlackCountry "GER"]
[WhiteElo "1340"]
[WhiteRD "48"]
[BlackElo "1406"]
[BlackRD "68"]
[GameID "196364"]

1. d4 Nf6 2. f3 d5 3. Nc3 e6 4. Bf4 c6 5. g3 Bd6 6. Nh3 O-O 7. g4 Bxf4 8. Nxf4 Qd6 9. Qd2 Nbd7 10. O-O-O b5
11. g5 Ne8 12. h4 e5 13. Nh5 g6 14. Ng3 e4 15. f4 b4 16. Na4 a5 17. e3 Ba6 18. Bxa6 Rxa6 19. b3 c5 20. dxc5 Nxc5
21. Nxc5 Qxc5 22. Ne2 Nc7 23. Nd4 Qc3 24. Qxc3 bxc3 25. h5 a4 26. b4 Rb6 27. a3 Rfb8 28. hxg6 fxg6 29. f5 Na6 30. f6 Nc7
31. Rhf1 Kf7 32. Rf2 Na6 33. Rh1 Nxb4 34. Rxh7+ Kg8 35. Rg7+ Kh8 36. Rh2#
1-0

[Event "Queens Opening Play The Catalan Opening"]
[Site "SchemingMind.com"]
[Date "2009.03.17"]
[Round "-"]
[White "vinz"]
[Black "Manfred Kraut"]
[Result "1-0"]
[WhiteCountry "FRA"]
[BlackCountry "GER"]
[WhiteElo "1741"]
[WhiteRD "75"]
[BlackElo "1406"]
[BlackRD "68"]
[GameID "196365"]

1. d4 Nf6 2. c4 e6 3. g3 d5 4. Bg2 dxc4 5. Nc3 Bb4 6. e4 e5 7. Ne2 O-O 8. O-O Nbd7 9. Bg5 h6 10. Be3 b6
11. Qc1 exd4 12. Nxd4 Bb7 13. f3 c5 14. Nf5 Ne5 15. Rd1 Nd3 16. Qd2 g6 17. Bxh6 Re8 18. Qe3 gxf5 19. Qg5+
1-0

[Event "Queens Opening Play The Catalan Opening"]
[Site "SchemingMind.com"]
[Date "2009.03.18"]
[Round "-"]
[White "dahan"]
[Black "Manfred Kraut"]
[Result "0-1"]
[WhiteCountry "GER"]
[BlackCountry "GER"]
[WhiteElo "1335"]
[WhiteRD "101"]
[BlackElo "1432"]
[BlackRD "71"]
[GameID "196366"]

1. d4 Nf6 2. c4 g6 3. e3 Bg7 4. Nf3 O-O 5. Be2 d5 6. c5 c6 7. O-O Nbd7 8. b4 b5 9. a4 Ba6 10. axb5 Bxb5
11. Bxb5 cxb5 12. Nc3 a6 13. Ne5 a5 14. Nxd7 Qxd7 15. Qe2 axb4 16. Rxa8 Rxa8 17. Qxb5 Qxb5 18. Nxb5 Ne8 19. Bd2 b3 20. Rb1 Nd6
21. cxd6 exd6 22. Rxb3 Ra1+ 23. Rb1 Rxb1+ 24. Be1 Rxe1#
0-1

[Event "Queens Opening Play The Catalan Opening"]
[Site "SchemingMind.com"]
[Date "2009.03.13"]
[Round "-"]
[White "Aamaroun"]
[Black "Manfred Kraut"]
[Result "1-0"]
[WhiteCountry "CZE"]
[BlackCountry "GER"]
[WhiteElo "1318"]
[WhiteRD "105"]
[BlackElo "1406"]
[BlackRD "68"]
[GameID "196367"]

1. e4 c5 2. Nc3 g6 3. Nf3 Bg7 4. d3 e5 5. Be3 d6 6. Nd5 Ne7 7. c4 Nxd5 8. cxd5 O-O 9. Be2 b6 10. Qa4 Bd7
11. Qc2 a5 12. O-O Na6 13. a3 Rb8 14. b3 Nc7 15. a4 Na6 16. Bd2 Rc8 17. Rfc1 Nb4 18. Qb2 b5 19. axb5 Bxb5 20. Bxb4 cxb4
21. Nd2 Rc3 22. Nc4 Qd7 23. Rxc3 bxc3 24. Qxc3 Bxc4 25. dxc4 Ra8 26. Rxa5 Rxa5 27. Qxa5 Qb7 28. b4 Kf8 29. b5
1-0